000 00808cam a22002771a 4500
001 000014487
003 DO-SdBNP
005 20251027143357.0
008 750729s1975 ve 000 | spa
010 _a59030976
035 _a(OCoLC)1487247
040 _aDO-SdBNP
_cNmLcU
_dDLC
041 _aBNGR
042 _apremarc
050 0 0 _aF2331.S8
_bM8
082 _axxx
_bM943c
100 1 _aMudarra, Miguel Angel.
_932715
245 1 0 _aCultura sucrense /
_cMiguel Angel Mudarra; prólogo de J. L. Salcedom Bastardo.
250 _a3a ed.
260 _aCaracas :
_b[s.n.],
_c1975.
300 _a290 p. ;
_c24 cm.
651 4 _aSucre (Venezuela : State)
_xIntellectual Life.
_932716
651 4 _aSucre (Venezuela : State)
_vBiography.
_932717
910 _aCatalogación derivada
942 _2ddc
_cLBS1
999 _c14076
_d14076